Czy zgadniesz w jakim państwie zmierzono tą temperature? - Statystyki

Ogólne statystyki
  • Ten quiz został rozwiązany 30 razy
  • Średni wynik to 7 z 15
Statystyki odpowiedzi
°C Państwo % Poprawnych
56,7 USA
88%
69,3 Australia
76%
50,7 Australia
76%
70,7 Iran
76%
68 Iran
76%
48,8 Włochy
72%
66,8 Chiny
56%
48,9 Argentyna
48%
42 Etiopia
36%
55 Tunezja
32%
40,9 DRK
16%
42,2 Filipiny
16%
54 Palestyna
16%
41,1 Wyspy Św. Tomasza i Książęca
4%
40,8 Gwinea Równikowa
0%
Nie znaleziono quizów pasujących do podanych kryteriów
Rozkład punktacji
Procent ludzi z każdym wynikiem
Percentyl według liczby udzielonych odpowiedzi
Twoja historia wyników
Nie rozwiązałeś tego quizu